000
00324 a2200133 4500
001
65720
040
_c
Anchieta - Pituba
240
1
0
_a
Avaliação multidisciplinar, 3ª série, 2018
_l
por
245
1
0
_a
Avaliação multidisciplinar, 3ª série, 2018
300
_a
22
362
0
_a
2018
650
4
_a
Educação
942
_c
BK
999
_c
65720
_d
65720